| 000 | 00818nam a2200265 a 4500 | ||
|---|---|---|---|
| 001 | 000019990 | ||
| 005 | 20200929170223.0 | ||
| 008 | 100709s1970 sp 001 d spa d | ||
| 040 |
_aDO-SdBNP _bspa _cBNPHU |
||
| 082 |
_a862.5 _bZ88d, 1970 |
||
| 100 | 1 |
_aZorrilla, José, _d1817-1893. _94939 |
|
| 245 | 1 | 0 |
_aDon Juan Tenorio : _bel puñal del Godo / _cJosé Zorrilla. |
| 246 | 3 | 3 | _aEl puñal del Godo |
| 250 | _a8a ed. | ||
| 260 |
_aMadrid : _bEspasa-Calpe, _c1970. |
||
| 300 |
_a176, [16] p. ; _c18 cm. |
||
| 490 | 1 |
_aAustral. Violeta: teatro y poesía _v180 |
|
| 500 | _aIncluye índice de autores | ||
| 650 | 4 |
_aTeatro español _93071 |
|
| 650 | 4 |
_aLiteratura española _9632 |
|
| 740 | 3 | _aEl puñal del Godo | |
| 830 | 0 |
_aAustral. _pVioleta: teatro y poesía; _v180 _939559 |
|
| 910 | _aWM | ||
| 049 | _aBNGR | ||
| 999 |
_c19502 _d19502 |
||